[Event "Oberliga Bayern 1819"]
[Site "Bayern"]
[Date "2019.02.24"]
[Round "7.6"]
[White "Goldsworthy, Patrick"]
[Black "Lentrodt, Thomas"]
[Result "0-1"]
[WhiteElo "2197"]
[BlackElo "2262"]
[PlyCount "166"]
[EventDate "2018.10.21"]
[EventType "team-tourn"]
[EventRounds "9"]
[EventCountry "GER"]
[SourceTitle "EXT 2020"]
[Source "ChessBase"]
[SourceDate "2019.10.17"]
[SourceVersion "1"]
[SourceVersionDate "2019.10.17"]
[SourceQuality "1"]
[WhiteTeam "Erlangen SC"]
[BlackTeam "Bayern Muenchen II"]
[WhiteTeamCountry "GER"]
[BlackTeamCountry "GER"]

1. d4 d5 2. Bf4 c5 3. e3 Nc6 4. Nf3 e6 5. c3 Nf6 6. Nbd2 Bd6 7. Bg3 0-0 8. Bd3 g6 9. Qe2 Re8 10. Ne5 Nh5 11. Ndf3 Kg7 12. Bh4 Qc7 13. g4 Nf6 14. Bxf6+ Kxf6 15. g5+ Kg7 16. Ng4 Bd7 17. Nf6 Rh8 18. h4 h5 19. 0-0-0 a6 20. Bc2 Rad8 21. Rhe1 Be7 22. Kb1 Bc8 23. dxc5 Bxc5 24. e4 dxe4 25. Nxe4 Be7 26. Qe3 Rxd1+ 27. Rxd1 Rd8 28. Rxd8 Qxd8 29. Qf4 Qd5 30. Nf6 Qc5 31. Nd2 Qe5 32. Qxe5 Nxe5 33. f4 Nd7 34. Nxd7 Bxd7 35. Nc4 Bc5 36. Be4 Bb5 37. Ne5 b6 38. c4 Be8 39. Nd3 Bd4 40. Kc2 Kf8 41. b3 Ke7 42. Bb7 a5 43. a4 Bd7 44. Kd2 Kd6 45. Be4 e5 46. Bd5 Be6 47. fxe5+ Bxe5 48. Bxe6 fxe6 49. Nf2 Bh2 50. Ke2 Kc5 51. Kd3 Kb4 52. Kc2 Bg3 53. Nd3+ Ka3 54. c5 bxc5 55. Nxc5 Bxh4 56. Nxe6 Bg3 57. Nd4 h4 58. Ne2 Bf2 59. Nf4 Be3 60. Nh3 Kb4 61. Kd3 Bc5 62. Kc2 Bd6 63. Nf2 Bc7 64. Nd3+ Ka3 65. Nf2 Bb6 66. Nh3 Kb4 67. Kb2 Kc5 68. Kc3 Kd5 69. Kd3 Ke5 70. Ke2 Ke4 71. Nf2+ Bxf2 72. Kxf2 Kd4 73. Kf3 Kc3 74. Kg4 Kxb3 75. Kxh4 Kxa4 76. Kg4 Kb5 77. Kf4 a4 78. Ke5 a3 79. Kf6 a2 80. Kxg6 a1Q 81. Kf7 Qa7+ 82. Kf6 Qb6+ 83. Kg7 Qd4+ 0-1

[Event "Mittelfranken-chTB2a 1617"]
[Site "Mittelfranken"]
[Date "2017.05.14"]
[Round "9.1"]
[White "Goldsworthy, Patrick"]
[Black "Neusser, Hans"]
[Result "1-0"]
[WhiteElo "2182"]
[BlackElo "1699"]
[PlyCount "133"]
[EventDate "2016.10.23"]
[EventType "team-tourn"]
[EventRounds "9"]
[EventCountry "GER"]
[SourceTitle "EXT 2022"]
[Source "ChessBase"]
[SourceDate "2021.10.06"]
[SourceVersion "1"]
[SourceVersionDate "2021.10.06"]
[SourceQuality "1"]
[WhiteTeam "Erlangen Siemens"]
[BlackTeam "Dombuehl"]
[WhiteTeamCountry "GER"]
[BlackTeamCountry "GER"]

1. d4 Nf6 2. Bg5 e6 3. e4 Be7 4. e5 Nd5 5. Bxe7 Nxe7 6. Bd3 d6 7. Nf3 dxe5 8. Nxe5 Nd7 9. 0-0 Nf6 10. c3 c6 11. Nd2 Qc7 12. Qf3 Ng6 13. Rfe1 0-0 14. Ne4 Nxe4 15. Rxe4 Nxe5 16. Rxe5 Qe7 17. Rae1 Bd7 18. Qh5 g6 19. Qh6 Qf6 20. Rg5 Qg7 21. Qh4 Rad8 22. Qf4 Bc8 23. h4 Rd5 24. h5 Rxg5 25. Qxg5 h6 26. Qc5 gxh5 27. Qxh5 Qg5 28. Qd1 Kh8 29. Re5 f5 30. Be2 Rg8 31. Bf3 h5 32. Qe1 h4 33. Qe3 Qxe3 34. Rxe3 Kg7 35. Kh2 Kf6 36. Re5 Kg5 37. Kh3 Rh8 38. Be2 Kf6 39. f4 a6 40. a4 Ke7 41. a5 Bd7 42. Bf3 Kd6 43. b4 Be8 44. c4 Bh5 45. Re2 Bxf3 46. gxf3 Rh7 47. Rg2 Ke7 48. Rg8 Kf7 49. Rd8 Ke7 50. Rg8 Kf7 51. Ra8 Kf6 52. Rb8 Kg6 53. d5 exd5 54. cxd5 cxd5 55. Rd8 d4 56. Rxd4 Kf6 57. Rd6+ Ke7 58. Rb6 Ke8 59. b5 axb5 60. Rxb5 Rf7 61. Kxh4 Kf8 62. Kg5 Kg8 63. Rb6 Kf8 64. Rf6 Ke8 65. Rxf7 Kxf7 66. Kxf5 Kf8 67. Ke6 1-0

[Event "Mittelfranken-chTB2a 1617"]
[Site "Mittelfranken"]
[Date "2017.03.05"]
[Round "7.1"]
[White "Goldsworthy, Patrick"]
[Black "Diller, Andreas"]
[Result "1-0"]
[WhiteElo "2182"]
[BlackElo "1819"]
[PlyCount "83"]
[EventDate "2016.10.23"]
[EventType "team-tourn"]
[EventRounds "9"]
[EventCountry "GER"]
[SourceTitle "EXT 2022"]
[Source "ChessBase"]
[SourceDate "2021.10.06"]
[SourceVersion "1"]
[SourceVersionDate "2021.10.06"]
[SourceQuality "1"]
[WhiteTeam "Erlangen Siemens"]
[BlackTeam "Rothenburg II"]
[WhiteTeamCountry "GER"]
[BlackTeamCountry "GER"]

1. e4 e6 2. d4 d5 3. Nd2 Nf6 4. e5 Nfd7 5. Bd3 c5 6. c3 cxd4 7. cxd4 Nc6 8. Ne2 Be7 9. 0-0 0-0 10. Nf3 f5 11. exf6 Nxf6 12. Nf4 Bd6 13. Re1 Ne4 14. Bxe4 Bxf4 15. Bc2 Qf6 16. Bxf4 Qxf4 17. Qd3 g6 18. a3 Bd7 19. Re2 Rae8 20. Rae1 a6 21. Ba4 b5 22. Bc2 Rf6 23. Bb1 Ref8 24. b4 h5 25. Re3 h4 26. h3 Qh6 27. R3e2 Kg7 28. Re3 Qh5 29. Qc3 Ne7 30. Qc7 Rxf3 31. Rxf3 Rxf3 32. gxf3 Qg5+ 33. Kf1 Be8 34. Qe5+ Qxe5 35. dxe5 Nf5 36. Bxf5 exf5 37. f4 Bc6 38. Ke2 Kh6 39. Rg1 d4 40. Kd3 Bd5 41. Kxd4 Bc4 42. Kc5 1-0

[Event "Mittelfranken-chTB2a 1617"]
[Site "Mittelfranken"]
[Date "2017.01.22"]
[Round "5.1"]
[White "Kocak, Ediz"]
[Black "Goldsworthy, Patrick"]
[Result "0-1"]
[WhiteElo "1773"]
[BlackElo "2182"]
[PlyCount "76"]
[EventDate "2016.10.23"]
[EventType "team-tourn"]
[EventRounds "9"]
[EventCountry "GER"]
[SourceTitle "EXT 2022"]
[Source "ChessBase"]
[SourceDate "2021.10.06"]
[SourceVersion "1"]
[SourceVersionDate "2021.10.06"]
[SourceQuality "1"]
[WhiteTeam "Nuernberg Sued SW IV"]
[BlackTeam "Erlangen Siemens"]
[WhiteTeamCountry "GER"]
[BlackTeamCountry "GER"]

1. d4 Nf6 2. Bf4 e6 3. e3 c5 4. Nd2 cxd4 5. exd4 Nc6 6. Ngf3 d5 7. Bd3 Bd6 8. Bg3 0-0 9. c3 Re8 10. Ne5 Qc7 11. Qe2 Bd7 12. Ndf3 Rf8 13. h4 Be8 14. Ng5 h6 15. Rh3 Rc8 16. f4 Qa5 17. Kf2 b5 18. Bb1 b4 19. Qd3 hxg5 20. hxg5 Ne4+ 21. Kg1 f5 22. gxf6 Rxf6 23. Qe2 Bxe5 24. Bxe4 Bxd4+ 25. Kh2 dxe4 26. Qxe4 Qf5 27. Qxf5 exf5 28. cxd4 Nxd4 29. Bf2 Nb5 30. Rb3 a5 31. a3 Bf7 32. Re3 Rc2 33. Re5 Rxf2 34. Rxb5 Rg6 35. Rxf5 Rgxg2+ 36. Kh1 Rh2+ 37. Kg1 Rfg2+ 38. Kf1 Bc4+ 0-1

[Event "Pyramiden Franken Cup"]
[Site "Fuerth"]
[Date "2016.09.04"]
[Round "6"]
[White "Wenninger, Philipp"]
[Black "Goldsworthy, Patrick"]
[Result "1-0"]
[WhiteElo "2372"]
[BlackElo "2139"]
[PlyCount "117"]
[EventDate "2016.09.01"]
[EventType "swiss"]
[EventRounds "7"]
[EventCountry "GER"]
[SourceTitle "CBM 174 Extra"]
[Source "ChessBase"]
[SourceDate "2016.10.10"]
[SourceVersion "1"]
[SourceVersionDate "2016.10.10"]
[SourceQuality "1"]

1. d4 Nf6 2. Nf3 g6 3. c4 Bg7 4. Nc3 d6 5. e4 c5 6. dxc5 dxc5 7. Qxd8+ Kxd8 8. Be3 b6 9. 0-0-0+ Bd7 10. h3 Nc6 11. e5 Ne8 12. Bf4 Nc7 13. Bd3 Ne6 14. Be4 Rc8 15. Bg3 Ncd4 16. Rhe1 Ke8 17. Kb1 Bc6 18. Nd5 h5 19. Nxd4 Nxd4 20. Bh4 Bxd5 21. Bxd5 e6 22. Bb7 Rb8 23. Ba6 Kf8 24. Re4 Kg8 25. f4 Kh7 26. Bf2 g5 27. Bxd4 cxd4 28. fxg5 Rbd8 29. h4 Rhf8 30. b4 Rfe8 31. Kc2 Re7 32. Kd3 Rdd7 33. Rf1 Kg8 34. g4 hxg4 35. Rg1 Bf8 36. h5 Rc7 37. Rgxg4 Red7 38. a3 Bg7 39. Re2 Rd8 40. Rg3 Bf8 41. Rd2 b5 42. Bxb5 a6 43. Ba4 a5 44. g6 axb4 45. gxf7+ Kh7 46. axb4 Rxf7 47. c5 Ra7 48. Bc2 Kh8 49. Kc4 Ra2 50. h6 d3 51. Rgxd3 Rxd3 52. Kxd3 Bxh6 53. Re2 Kg7 54. c6 Ra8 55. b5 Rd8+ 56. Kc4 Kf7 57. c7 Rc8 58. b6 Ke7 59. Kc5 1-0

[Event "Pyramiden Franken Cup"]
[Site "Fuerth"]
[Date "2016.09.03"]
[Round "5"]
[White "Goldsworthy, Patrick"]
[Black "Kunin, Vitaly L"]
[Result "0-1"]
[WhiteElo "2139"]
[BlackElo "2595"]
[PlyCount "76"]
[EventDate "2016.09.01"]
[EventType "swiss"]
[EventRounds "7"]
[EventCountry "GER"]
[SourceTitle "CBM 174 Extra"]
[Source "ChessBase"]
[SourceDate "2016.10.10"]
[SourceVersion "1"]
[SourceVersionDate "2016.10.10"]
[SourceQuality "1"]

1. e4 d6 2. d4 Nf6 3. Nc3 Nbd7 4. Bc4 e5 5. Nf3 Be7 6. 0-0 0-0 7. a4 c6 8. Bb3 exd4 9. Qxd4 Nc5 10. Ba2 Bg4 11. Nh4 Nfd7 12. Nf5 Bxf5 13. exf5 d5 14. Qg4 Ne5 15. Qg3 Bd6 16. Bg5 f6 17. Bf4 Kh8 18. Ne2 Qb6 19. Rab1 a5 20. c3 Nxa4 21. Nd4 Nc5 22. Qh3 a4 23. Be3 Qc7 24. Rbe1 Rfe8 25. Bb1 b6 26. Bc1 Qd7 27. Ne6 Ra7 28. Re3 g5 29. f4 gxf4 30. Nxf4 Nb3 31. Rg3 Nxc1 32. Rxc1 Bc5+ 33. Kf1 d4 34. Re1 dxc3 35. Qh6 Bf8 36. Qh4 Qd2 37. Qxf6+ Bg7 38. Rxg7 Qxf4+ 0-1

[Event "Wunsiedel op 10th"]
[Site "Wunsiedel"]
[Date "2016.05.05"]
[Round "1"]
[White "Goldsworthy, Patrick"]
[Black "Kunin, Vitaly L"]
[Result "0-1"]
[WhiteElo "2113"]
[BlackElo "2595"]
[PlyCount "68"]
[EventDate "2016.05.05"]
[EventType "swiss"]
[EventRounds "7"]
[EventCountry "GER"]
[SourceTitle "CBM 172 Extra"]
[Source "ChessBase"]
[SourceDate "2016.06.21"]
[SourceVersion "1"]
[SourceVersionDate "2016.06.21"]
[SourceQuality "1"]

1. d4 Nf6 2. Bg5 d6 3. Bxf6 exf6 4. g3 f5 5. Bg2 g6 6. e3 Bg7 7. Ne2 Nd7 8. c4 0-0 9. 0-0 Nf6 10. Nbc3 Bd7 11. Rb1 Rb8 12. b4 h5 13. Nf4 h4 14. b5 hxg3 15. hxg3 Ng4 16. Bd5 c6 17. Bf3 Re8 18. bxc6 bxc6 19. Nce2 Qa5 20. Qc2 Rb6 21. Rxb6 axb6 22. Rb1 Ra8 23. Kg2 Nf6 24. Kg1 Ne4 25. Bxe4 fxe4 26. Nc3 Bf5 27. Qb2 Re8 28. Qb3 Bg4 29. Qb4 Qg5 30. Qxd6 Bf3 31. Qxc6 Qh6 32. Qxe8+ Kh7 33. Ng2 Qh3 34. Nh4 Qh1# 0-1

[Event "Pyramiden Franken Cup"]
[Site "Fuerth"]
[Date "2015.09.06"]
[Round "6"]
[White "Goldsworthy, Patrick"]
[Black "Lange, Carsten"]
[Result "1-0"]
[WhiteElo "2097"]
[BlackElo "2055"]
[PlyCount "73"]
[EventDate "2015.09.03"]
[EventType "swiss"]
[EventRounds "7"]
[EventCountry "GER"]
[SourceTitle "EXT 2016"]
[Source "ChessBase"]
[SourceDate "2015.10.08"]
[SourceVersion "1"]
[SourceVersionDate "2015.10.08"]
[SourceQuality "1"]

1. d4 Nf6 2. Bg5 Ne4 3. Bf4 c5 4. f3 Qa5+ 5. c3 Nf6 6. d5 d6 7. e4 Nbd7 8. Na3 g6 9. Qd2 Bg7 10. Nc4 Qc7 11. a4 b6 12. Bh6 Bxh6 13. Qxh6 Bb7 14. Nh3 0-0-0 15. Ng5 Rdf8 16. Bd3 Kb8 17. 0-0 Ne5 18. Nxe5 dxe5 19. c4 a5 20. Nh3 Bc8 21. Nf2 Ne8 22. f4 f6 23. Nd1 Nd6 24. Nc3 Nf7 25. Qh4 exf4 26. Nb5 Qe5 27. b4 Bd7 28. bxc5 Bxb5 29. axb5 Qd4+ 30. Qf2 Qxd3 31. cxb6 Qe3 32. c5 Kb7 33. Rxa5 Ra8 34. Qxe3 fxe3 35. Rfa1 Rxa5 36. Rxa5 Ra8 37. c6+ 1-0

[Event "Pyramiden Franken Cup"]
[Site "Fuerth"]
[Date "2015.09.05"]
[Round "5"]
[White "Moehn, Hans"]
[Black "Goldsworthy, Patrick"]
[Result "1/2-1/2"]
[WhiteElo "2389"]
[BlackElo "2097"]
[PlyCount "82"]
[EventDate "2015.09.03"]
[EventType "swiss"]
[EventRounds "7"]
[EventCountry "GER"]
[SourceTitle "EXT 2016"]
[Source "ChessBase"]
[SourceDate "2015.10.08"]
[SourceVersion "1"]
[SourceVersionDate "2015.10.08"]
[SourceQuality "1"]

1. Nf3 Nf6 2. c4 d6 3. d4 Nbd7 4. Nc3 e5 5. e4 Be7 6. Be2 c6 7. 0-0 0-0 8. Re1 Qc7 9. Bf1 Rd8 10. d5 Nf8 11. h3 Ng6 12. Be3 c5 13. a3 Bd7 14. Nd2 h6 15. b4 b6 16. Rb1 Nh7 17. bxc5 dxc5 18. Nb5 Qc8 19. a4 Bg5 20. a5 Bxe3 21. Rxe3 Nf4 22. Nf3 f6 23. Ra3 Ng5 24. Nxg5 hxg5 25. Qb3 Bxb5 26. Qxb5 Rd6 27. Rba1 Rb8 28. Qb2 bxa5 29. Qc1 Rdb6 30. Rxa5 Rb3 31. Rb5 a6 32. Rxb8 Rxb8 33. Kh2 g4 34. h4 Rb3 35. g3 Nh3 36. Bxh3 gxh3 37. Ra3 Qb7 38. Rxb3 Qxb3 39. Kxh3 Qf3 40. Qb1 Qxf2 41. Qb6 g6 1/2-1/2

[Event "Forchheim op-A 12th"]
[Site "Forchheim"]
[Date "2013.09.29"]
[Round "5"]
[White "Goldsworthy, Patrick"]
[Black "Schulz, Lukas"]
[Result "1-0"]
[WhiteElo "2090"]
[BlackElo "1915"]
[PlyCount "37"]
[EventDate "2013.09.27"]
[EventType "swiss"]
[EventRounds "5"]
[EventCountry "GER"]
[SourceTitle "CBM 156 Extra"]
[Source "ChessBase"]
[SourceDate "2013.10.22"]
[SourceVersion "1"]
[SourceVersionDate "2013.10.22"]
[SourceQuality "1"]

1. d4 c5 2. d5 e5 3. g3 d6 4. Bg2 f5 5. Nf3 Nf6 6. 0-0 Be7 7. Nc3 Na6 8. e4 Nc7 9. exf5 Bxf5 10. Bg5 0-0 11. Bxf6 Bxf6 12. Nd2 b5 13. a4 b4 14. Nce4 Nxd5 15. Nc4 Be6 16. Ncxd6 Be7 17. Nxc5 Qxd6 18. Nxe6 Rfd8 19. Qg4 1-0

[Event "Forchheim op-A 12th"]
[Site "Forchheim"]
[Date "2013.09.29"]
[Round "4"]
[White "Steinhart, Christoph"]
[Black "Goldsworthy, Patrick"]
[Result "1-0"]
[WhiteElo "1966"]
[BlackElo "2090"]
[PlyCount "123"]
[EventDate "2013.09.27"]
[EventType "swiss"]
[EventRounds "5"]
[EventCountry "GER"]
[SourceTitle "CBM 156 Extra"]
[Source "ChessBase"]
[SourceDate "2013.10.22"]
[SourceVersion "1"]
[SourceVersionDate "2013.10.22"]
[SourceQuality "1"]

1. e4 c5 2. c4 Nc6 3. Nc3 Nf6 4. g3 g6 5. Bg2 Bg7 6. Nge2 0-0 7. d3 d6 8. a3 Bg4 9. f3 Bd7 10. Be3 a6 11. Rb1 Ne5 12. b4 b5 13. f4 Nfg4 14. Bg1 cxb4 15. axb4 Nc6 16. h3 Nf6 17. cxb5 axb5 18. Be3 h5 19. 0-0 Qc8 20. Kh2 h4 21. gxh4 Kh7 22. Qe1 Rh8 23. Nxb5 Kg8 24. Nbc3 Nh5 25. Nd5 Qd8 26. b5 Nb8 27. Bb6 Qf8 28. e5 dxe5 29. Nxe7+ Qxe7 30. Bxa8 Qe6 31. Bc7 Qxh3+ 32. Kg1 Kh7 33. fxe5 Be6 34. d4 Bh6 35. Rf3 Qg4+ 36. Kf1 Nd7 37. Bc6 Bc4 38. Qf2 Rf8 39. Bd6 Rg8 40. Rb4 Nb6 41. d5 Bd2 42. Rxf7+ Kh6 43. Rxc4 Nxc4 44. Bd7 Qe4 45. Bf8+ Rxf8 46. Rxf8 Ne3+ 47. Kg1 Qxe5 48. Re8 Qa1+ 49. Kh2 Qf6 50. Qxf6 Nxf6 51. Rd8 Ba5 52. Rh8+ Kg7 53. Ra8 Bc7+ 54. Kh3 Ne4 55. h5 Nf2+ 56. Kh4 Ng2+ 57. Kg5 Ne4+ 58. Kg4 Nf6+ 59. Kh3 Ne3 60. Be6 Kh6 61. hxg6 Kg5 62. g7 1-0

[Event "Glorney Cup"]
[Site "Dublin"]
[Date "2007.07.26"]
[Round "5"]
[White "Normoyle, Liam"]
[Black "Goldsworthy, Patrick"]
[Result "0-1"]
[WhiteElo "1757"]
[BlackElo "2089"]
[PlyCount "142"]
[EventDate "2007.07.24"]
[EventType "team-swiss"]
[EventRounds "5"]
[EventCountry "IRL"]
[SourceTitle "EXT 2010"]
[Source "ChessBase"]
[SourceDate "2010.11.25"]
[SourceVersion "1"]
[SourceVersionDate "2010.11.25"]
[SourceQuality "1"]

1. e4 g6 2. d4 Bg7 3. Nc3 d6 4. Be3 a6 5. a4 Nd7 6. Nf3 Ngf6 7. h3 0-0 8. Qd2 c5 9. Be2 cxd4 10. Nxd4 Nc5 11. Bf3 Qc7 12. 0-0 Bd7 13. Rfe1 Rac8 14. Bg5 Bc6 15. Nxc6 bxc6 16. Bf4 Nfd7 17. Bg4 Rb8 18. Bxd7 Nxd7 19. Rab1 Rfe8 20. Be3 Qa5 21. Bd4 Ne5 22. Qd1 c5 23. Bxe5 Bxe5 24. Re3 Bxc3 25. Rxc3 Qxa4 26. Ra3 Qxe4 27. Rxa6 Rb4 28. c3 Rb7 29. Ra4 Qf5 30. Qc1 Reb8 31. Rf4 Qg5 32. h4 Qh6 33. Qd2 e5 34. Rd4 Qxd2 35. Rxd2 Rd7 36. Rbd1 Rbd8 37. Rd5 Kf8 38. Kf1 Ke7 39. Ke2 Ke6 40. Ke3 f5 41. g3 Rb7 42. R1d2 Rbd7 43. Rd1 Rb8 44. R1d2 Rb6 45. Kf3 Ke7 46. Ke3 Ke6 47. Kf3 Rxb2 48. Rxd6+ Rxd6 49. Rxb2 Rd3+ 50. Ke2 Rxc3 51. Rb7 Rc2+ 52. Kf3 h5 53. Rc7 c4 54. Rc6+ Kf7 55. Ke3 c3 56. Rc7+ Kf6 57. Rc6+ Kg7 58. Rc7+ Kh6 59. Rc6 e4 60. Rc7 Rc1 61. Ke2 c2 62. Rc6 Kg7 63. Rc8 Kf7 64. Rc7+ Ke6 65. Rc8 Kd7 66. Rc3 Ke6 67. Rc8 f4 68. gxf4 Kf5 69. Rc4 Kg4 70. Rc3 Kxh4 71. Rc4 Kg4 0-1

[Event "BCF-chT4 0607 (4NCL)"]
[Site "Sunningdale"]
[Date "2007.02.10"]
[Round "5.2"]
[White "Spencer, Carl J"]
[Black "Goldsworthy, Patrick"]
[Result "0-1"]
[WhiteElo "2030"]
[BlackElo "2089"]
[PlyCount "84"]
[EventDate "2006.09.16"]
[EventType "team"]
[EventRounds "11"]
[EventCountry "ENG"]
[SourceTitle "EXT 2008"]
[Source "ChessBase"]
[SourceDate "2007.11.25"]
[SourceVersion "1"]
[SourceVersionDate "2007.11.25"]
[SourceQuality "1"]
[WhiteTeam "Cambridge II"]
[BlackTeam "FCA Solutions II"]
[WhiteTeamCountry "ENG"]
[BlackTeamCountry "ENG"]

1. e4 c5 2. Nf3 d6 3. Bb5+ Bd7 4. Bxd7+ Qxd7 5. 0-0 Nc6 6. c3 e5 7. d4 Nf6 8. Re1 Be7 9. Nbd2 0-0 10. d5 Nd8 11. a4 Ne8 12. Qb3 g6 13. Nc4 Ng7 14. Bh6 Kh8 15. Qb5 Qc8 16. Ng5 f6 17. Nh3 Nf7 18. Bxg7+ Kxg7 19. a5 Ng5 20. Nxg5 fxg5 21. Rac1 Qc7 22. a6 b6 23. b4 Rac8 24. Rc2 g4 25. Ne3 h5 26. Qe2 Bg5 27. Nc4 Rf7 28. b5 Rcf8 29. Rf1 Qe7 30. Ra2 Bh6 31. Raa1 Qd7 32. Rab1 Rf3 33. Rb3 R3f6 34. f3 gxf3 35. Rxf3 Qg4 36. Kh1 Rxf3 37. gxf3 Rxf3 38. Nxd6 Qf4 39. Rb1 Rf2 40. Nf5+ gxf5 41. Rg1+ Kf8 42. Qxh5 Qxe4+ 0-1

[Event "Hastings Masters op 82nd"]
[Site "Hastings"]
[Date "2007.01.05"]
[Round "9"]
[White "Goldsworthy, Patrick"]
[Black "Sugden, John N"]
[Result "0-1"]
[WhiteElo "2089"]
[BlackElo "2158"]
[PlyCount "120"]
[EventDate "2006.12.28"]
[EventType "swiss"]
[EventRounds "9"]
[EventCountry "ENG"]
[SourceTitle "CBM 116 Extra"]
[Source "ChessBase"]
[SourceDate "2007.03.07"]
[SourceVersion "1"]
[SourceVersionDate "2007.03.07"]
[SourceQuality "1"]

1. e4 c5 2. Nf3 e6 3. d4 cxd4 4. Nxd4 a6 5. Be2 Nf6 6. Qd3 Qc7 7. Nc3 b5 8. f4 d6 9. Be3 Bb7 10. Bf3 Nbd7 11. Nb3 Rc8 12. a3 Be7 13. 0-0 0-0 14. Rae1 Nb6 15. Nd2 Rfd8 16. Kh1 Ba8 17. Qe2 Nc4 18. Nxc4 Qxc4 19. Qf2 d5 20. Be2 Qc6 21. e5 d4 22. Bxd4 Rxd4 23. exf6 Bxf6 24. Bf3 Qd7 25. Bxa8 Rxa8 26. Ne4 Be7 27. c3 Rd5 28. Qf3 Rd8 29. Qh3 g6 30. Qf3 Kg7 31. Nf2 Bc5 32. Ne4 Bb6 33. Qe2 Rd3 34. Rf3 h6 35. h3 Rxf3 36. Qxf3 Qd3 37. Qxd3 Rxd3 38. Re2 Re3 39. Rxe3 Bxe3 40. g3 Bc1 41. a4 bxa4 42. Nc5 Bxb2 43. Nxa4 Ba3 44. Kg2 Kf6 45. Kf3 e5 46. Nb6 exf4 47. Kxf4 Bd6+ 48. Kf3 Ke5 49. g4 Bc5 50. Nc4+ Kd5 51. Nd2 a5 52. Ke2 a4 53. Kd3 a3 54. Kc2 Ke5 55. Kb3 Kf4 56. Nb1 Kg3 57. Nxa3 Kxh3 58. Nc2 Kxg4 59. Kc4 Ba7 60. Kd3 h5 0-1

[Event "Hastings Masters op 82nd"]
[Site "Hastings"]
[Date "2007.01.02"]
[Round "6"]
[White "Fryer, David William"]
[Black "Goldsworthy, Patrick"]
[Result "1/2-1/2"]
[WhiteElo "2101"]
[BlackElo "2089"]
[PlyCount "96"]
[EventDate "2006.12.28"]
[EventType "swiss"]
[EventRounds "9"]
[EventCountry "ENG"]
[SourceTitle "CBM 116 Extra"]
[Source "ChessBase"]
[SourceDate "2007.03.07"]
[SourceVersion "1"]
[SourceVersionDate "2007.03.07"]
[SourceQuality "1"]

1. e4 c5 2. Nc3 Nc6 3. g3 g6 4. Bg2 Bg7 5. d3 d6 6. Be3 e6 7. Qd2 Nge7 8. Bh6 Bf6 9. h4 Nd4 10. Nd1 Bd7 11. c3 Ndc6 12. Ne2 Qc7 13. Ne3 Ng8 14. Ng4 Qd8 15. Nxf6+ Qxf6 16. Bg5 Qg7 17. 0-0-0 h6 18. Be3 Nge7 19. d4 0-0-0 20. dxc5 dxc5 21. Bxc5 e5 22. Qc2 Be6 23. Qa4 Kb8 24. Rhe1 f6 25. b4 a6 26. Kb2 Bc4 27. Bf1 Nc8 28. Nc1 Qf7 29. Qc2 Bxf1 30. Rxf1 Qc7 31. a4 Na5 32. Qe2 Nc6 33. a5 Nxa5 34. Nb3 Nxb3 35. Kxb3 Rxd1 36. Rxd1 Rd8 37. Rxd8 Qxd8 38. f3 Qd7 39. Be3 h5 40. c4 Ne7 41. Qd2 Qc7 42. Bc5 Kc8 43. Qh6 Nc6 44. Qxg6 Qd8 45. Qh6 Qd3+ 46. Kb2 Qxf3 47. Qf8+ Nd8 48. Bb6 Qe2+ 1/2-1/2

[Event "BCF-chT4 0506 (4NCL)"]
[Site "West Bromwich"]
[Date "2006.03.19"]
[Round "8.2"]
[White "Goldsworthy, Patrick"]
[Black "Fraser, Joe"]
[Result "1/2-1/2"]
[WhiteElo "2005"]
[BlackElo "2065"]
[PlyCount "52"]
[EventDate "2005.11.05"]
[EventType "team"]
[EventRounds "11"]
[EventCountry "ENG"]
[SourceTitle "CBM 109 Extra"]
[Source "ChessBase"]
[SourceDate "2006.01.03"]
[SourceVersion "2"]
[SourceVersionDate "2006.01.03"]
[SourceQuality "1"]
[WhiteTeam "FCA Solutions II"]
[BlackTeam "Sussex Mindsports"]
[WhiteTeamCountry "ENG"]
[BlackTeamCountry "ENG"]

1. d4 Nf6 2. Bg5 e6 3. e3 d5 4. c4 Be7 5. cxd5 exd5 6. Nc3 c6 7. Bd3 Nbd7 8. Nf3 Nf8 9. h3 Ne6 10. Bh4 0-0 11. Qc2 h6 12. 0-0 b6 13. Ne5 Bb7 14. Bf5 Nd7 15. Bxe7 Qxe7 16. f4 c5 17. Rad1 Nf6 18. Rf3 Rad8 19. a3 Ne4 20. Nxd5 Bxd5 21. Bxe4 cxd4 22. exd4 Qb7 23. Bxd5 Rxd5 24. Qf2 Rfd8 25. Rfd3 f6 26. Ng6 Kh7 1/2-1/2

[Event "BCF-chT4b 0405 (4NCL)"]
[Site "Telford"]
[Date "2005.04.17"]
[Round "8.6"]
[White "Goldsworthy, Patrick"]
[Black "Evans, Joyce"]
[Result "1-0"]
[WhiteElo "1700"]
[BlackElo "1435"]
[PlyCount "79"]
[EventDate "2004.11.06"]
[EventType "team"]
[EventRounds "11"]
[EventCountry "ENG"]
[SourceTitle "EXT 2006"]
[Source "ChessBase"]
[SourceDate "2005.11.24"]
[SourceVersion "1"]
[SourceVersionDate "2005.11.24"]
[SourceQuality "1"]
[WhiteTeam "FCA Solutions II"]
[BlackTeam "Halesowen"]
[WhiteTeamCountry "ENG"]
[BlackTeamCountry "ENG"]

1. d4 d5 2. c4 Nf6 3. Nc3 Nc6 4. cxd5 Nxd5 5. e4 Nxc3 6. bxc3 e6 7. Nf3 a6 8. Bd3 b6 9. 0-0 g6 10. Bg5 Ne7 11. Bf6 Rg8 12. Ng5 Bg7 13. Nxh7 Bxf6 14. Nxf6+ Kf8 15. Nxg8 Nxg8 16. e5 Bb7 17. Qe2 Qg5 18. Be4 c6 19. Rab1 b5 20. c4 Rb8 21. a4 Ne7 22. cxb5 Nd5 23. Bxd5 cxd5 24. bxa6 Qe7 25. Rxb7 Rxb7 26. axb7 Qxb7 27. a5 Qa7 28. Qd2 Kg7 29. Qb4 g5 30. Qb6 Qe7 31. a6 g4 32. a7 Qf8 33. Qb8 Qxb8 34. axb8Q Kg6 35. f3 gxf3 36. Rxf3 Kg7 37. Qc7 Kg6 38. Qxf7+ Kg5 39. Rg3+ Kh6 40. Qg6# 1-0

[Event "BCF-chT4b 0405 (4NCL)"]
[Site "Telford"]
[Date "2005.02.27"]
[Round "6.6"]
[White "Goldsworthy, Patrick"]
[Black "Sandham, David"]
[Result "1-0"]
[WhiteElo "1700"]
[BlackElo "1925"]
[PlyCount "75"]
[EventDate "2004.11.06"]
[EventType "team"]
[EventRounds "11"]
[EventCountry "ENG"]
[SourceTitle "EXT 2006"]
[Source "ChessBase"]
[SourceDate "2005.11.24"]
[SourceVersion "1"]
[SourceVersionDate "2005.11.24"]
[SourceQuality "1"]
[WhiteTeam "FCA Solutions II"]
[BlackTeam "SC Stars II"]
[WhiteTeamCountry "ENG"]
[BlackTeamCountry "ENG"]

1. d4 Nf6 2. c4 c5 3. d5 e6 4. Nc3 exd5 5. cxd5 d6 6. e4 g6 7. Nf3 a6 8. a4 Bg4 9. Be2 Bxf3 10. Bxf3 Bg7 11. 0-0 0-0 12. Be3 Nbd7 13. Qd2 Re8 14. g3 Ne5 15. Be2 Neg4 16. Bg5 h6 17. Bxg4 hxg5 18. Bf3 Nd7 19. Rab1 Ne5 20. Bg2 Qf6 21. Qe2 c4 22. Na2 Nd3 23. b3 cxb3 24. Rxb3 Nc5 25. Rb4 Qe5 26. Rd1 f5 27. f3 Rf8 28. Qc2 Rf7 29. Nc1 Raf8 30. Nd3 Qc3 31. Qxc3 Bxc3 32. Rc4 Bg7 33. Nxc5 dxc5 34. Rxc5 fxe4 35. fxe4 Rf2 36. d6 Ra2 37. e5 Re2 38. d7 1-0